Beyond the river / (Record no. 10048)

MARC details
000 -LEADER
fixed length control field 01445cam a2200397 a 4500
001 - CONTROL NUMBER
control field 10048
003 - CONTROL NUMBER IDENTIFIER
control field FISKH
005 - DATE AND TIME OF LATEST TRANSACTION
control field 20260401152133.0
008 - FIXED-LENGTH DATA ELEMENTS--GENERAL INFORMATION
fixed length control field 940517s1994 mnub j 000 1 eng
010 ## - LIBRARY OF CONGRESS CONTROL NUMBER
LC control number 94019910
020 ## - INTERNATIONAL STANDARD BOOK NUMBER
International Standard Book Number 155661375X :
020 ## - INTERNATIONAL STANDARD BOOK NUMBER
International Standard Book Number 9781556613753
035 ## - SYSTEM CONTROL NUMBER
System control number 3960190
040 ## - CATALOGING SOURCE
Original cataloging agency DLC
Transcribing agency DLC
Modifying agency DLC
050 00 - LIBRARY OF CONGRESS CALL NUMBER
Classification number PZ7.E4794
Item number Be 1994
082 ## - DEWEY DECIMAL CLASSIFICATION NUMBER
Classification number 813
100 1# - MAIN ENTRY--PERSONAL NAME
Personal name Elmer, Robert.
245 10 - TITLE STATEMENT
Title Beyond the river /
Statement of responsibility, etc. Robert Elmer.
260 ## - PUBLICATION, DISTRIBUTION, ETC.
Place of publication, distribution, etc. Minneapolis, Minn. :
Name of publisher, distributor, etc. Bethany House,
Date of publication, distribution, etc. 1994.
300 ## - PHYSICAL DESCRIPTION
Extent 176 pages :
Other physical details maps ;
Dimensions 21 cm.
490 1# - SERIES STATEMENT
Series statement The young underground ;
Volume/sequential designation Book two
500 ## - GENERAL NOTE
General note "Juvenile fiction (ages 8-13)"--Cover.
505 ## - FORMATTED CONTENTS NOTE
Formatted contents note R<br/>
520 ## - SUMMARY, ETC.
Summary, etc. While visiting their cousins' farm on the west coast of Denmark in the summer of 1944, eleven-year-old twins Peter and Elise learn the power of prayer as they work to rescue a downed British pilot.
521 8# - TARGET AUDIENCE NOTE
Target audience note 680<br/>
Source Lexile estimate<br/>
521 8# - TARGET AUDIENCE NOTE
Target audience note R<br/>
Source Raz-Plus<br/>
650 00 - SUBJECT ADDED ENTRY--TOPICAL TERM
Topical term or geographic name entry element World War, 1939-1945
General subdivision Underground movements
Geographic subdivision Denmark
General subdivision Juvenile fiction.
650 #1 - SUBJECT ADDED ENTRY--TOPICAL TERM
Topical term or geographic name entry element World War, 1939-1945
General subdivision Underground movements
Geographic subdivision Denmark
General subdivision Fiction.
650 #1 - SUBJECT ADDED ENTRY--TOPICAL TERM
Topical term or geographic name entry element Siblings
General subdivision Fiction.
650 #1 - SUBJECT ADDED ENTRY--TOPICAL TERM
Topical term or geographic name entry element Christian life
General subdivision Fiction.
651 #1 - SUBJECT ADDED ENTRY--GEOGRAPHIC NAME
Geographic name Denmark
General subdivision History
Chronological subdivision German occupation, 1940-1945
General subdivision Fiction.
800 1# - SERIES ADDED ENTRY--PERSONAL NAME
Personal name Elmer, Robert.
Title of a work Young underground ;
Volume/sequential designation #2.
906 ## - LOCAL DATA ELEMENT F, LDF (RLIN)
a 7
b cbc
c orignew
d 1
e ocip
f 19
g y-gencatlg
942 ## - ADDED ENTRY ELEMENTS (KOHA)
Source of classification or shelving scheme Dewey Decimal Classification
Koha item type Books
Suppress in OPAC No
Holdings
Withdrawn status Lost status Source of classification or shelving scheme Damaged status Not for loan Collection Home library Current library Shelving location Date acquired Total Checkouts Full call number Barcode Date last seen Copy number Price effective from Koha item type
    Dewey Decimal Classification     Juvenile Fiction Footprints International School Library Network Toul Tom Poung Campus Footprints International School Library Network Toul Tom Poung Campus TTP Primary Orange Bookshelves 04/01/2026   ELM 813 PZ7 .E4794 .B FIS00690 04/01/2026 1 04/01/2026 Books